header

Genocide in international law (Record no. 16628)

MARC details
000 -LEADER
fixed length control field 01258nam a2200313 a 4500
082 04 - DEWEY DECIMAL CLASSIFICATION NUMBER
Classification number 341.7/78
100 1# - MAIN ENTRY--AUTHOR NAME
Personal name Schabas, William,
245 10 - TITLE STATEMENT
Title Genocide in international law
260 ## - PUBLICATION, DISTRIBUTION, ETC. (IMPRINT)
Place of publication Cambridge, U.K. ;
-- New York :
Name of publisher Cambridge University Press,
Year of publication 2000.
300 ## - PHYSICAL DESCRIPTION
Number of Pages xvi, 624 p.
650 #0 - SUBJECT ADDED ENTRY--TOPICAL TERM
Topical Term Genocide.
856 40 - ELECTRONIC LOCATION AND ACCESS
Uniform Resource Identifier http://site.ebrary.com/lib/rucke/Doc?id=5001926

No items available.

© 2026 Rongo University
Contact us: librarian | system librarian | Rongo university